| 000 | 00564nam a2200181Ia 4500 | ||
|---|---|---|---|
| 003 | GCL | ||
| 008 | 140319s9999 xx 000 0 ara d | ||
| 040 |
_aGCL / _cGCL |
||
| 082 | 0 | 4 |
_a330.9 _bج ت |
| 100 | 1 | _aجلال امين | |
| 245 | 1 | 0 |
_aتنمية ام تبعية اقتصادية وثقافية / _cجلال امين |
| 300 | _a191 ص | ||
| 490 |
_aالهيئة العامة للاستعلامات _v0 |
||
| 650 | 0 | 4 | _aالاقتصاد |
| 650 | 0 | 4 | _aالاحوال الاقتصادية |
| 650 | 0 | 4 | _aالتنمية الاقتصادية |
| 942 |
_2ddc _cBK |
||
| 999 |
_c47000 _d47000 |
||